Engineering Drawing And Graphics Using AutoCAD (Record no. 340945)

MARC details
000 -LEADER
fixed length control field 00495nam a2200181Ia 4500
008 - FIXED-LENGTH DATA ELEMENTS--GENERAL INFORMATION
fixed length control field 230718s9999 xx 000 0 und d
020 ## - INTERNATIONAL STANDARD BOOK NUMBER
International Standard Book Number 9788125940005
041 ## - LANGUAGE CODE
Language code of text/sound track or separate title eng
082 ## - DEWEY DECIMAL CLASSIFICATION NUMBER
Classification number 604.2
Item number JEY
100 ## - MAIN ENTRY--PERSONAL NAME
Personal name Jeyapoovan T.
245 ## - TITLE STATEMENT
Title Engineering Drawing And Graphics Using AutoCAD
250 ## - EDITION STATEMENT
Edition statement 3rd ed.
260 ## - PUBLICATION, DISTRIBUTION, ETC. (IMPRINT)
Date of publication, distribution, etc. 2012
Name of publisher, distributor, etc. Vikas Publishing
300 ## - PHYSICAL DESCRIPTION
Extent 686
365 ## - TRADE PRICE
Currency code Rs.
Price amount 415.00
700 ## - ADDED ENTRY--PERSONAL NAME
Personal name Jeyapoovan T.
906 ## - LOCAL DATA ELEMENT F, LDF (RLIN)
d O:0483511-Jan-2016B:SE/SI/252013-Oct-2015
c ALLIED
b 1195.2
Holdings
Withdrawn status Lost status Damaged status Not for loan Home library Current library Date acquired Vendor Budget Code Cost, normal purchase price Bill number Total Checkouts Full call number Barcode Date last seen Discount Cost, replacement price Bill Date Koha item type Original Barcode
        Cummins College of Engineering for Women Pune Cummins College of Engineering for Women Pune 11/01/2016 Suyog Enterprises ALLIED 282.20 SE/SI/2520   604.2 CCEP-BK-52152 18/07/2023 1195.2 415.00 13/10/2015 Books 052152